Analytical applications of ultrasound /
Ultrasound is an energy source that has the potential for enhancing many stages of experimental analysis, but analytical chemists generally have limited knowledge of this technique. Analytical Applications of Ultrasound lays the foundations for practicing analytical chemists to consider ways of expl...
| Main Author: | |
|---|---|
| Corporate Author: | |
| Other Authors: | |
| Format: | eBook |
| Language: | English |
| Published: |
Amsterdam ; Boston :
Elsevier,
2007.
|
| Edition: | 1st ed. |
| Series: | Techniques and instrumentation in analytical chemistry.
v. 26. |
| Subjects: | |
| Online Access: | Connect to the full text of this electronic book Publisher description |
MARC
| Tag | First Indicator | Second Indicator | Subfields |
|---|---|---|---|
| LEADER | 00000cam a2200000Ia 4500 | ||
| 001 | in00002429621 | ||
| 005 | 20210501063635.0 | ||
| 006 | m d | ||
| 007 | cr cn||||||||| | ||
| 008 | 070806s2007 ne a sb 001 0 eng d | ||
| 020 | |a 9780444528254 | ||
| 020 | |a 0444528253 | ||
| 035 | |a (OCoLC)ocn162587777 | ||
| 035 | |a (OCoLC)162587777 | ||
| 037 | |a 112715:112804 |b Elsevier Science & Technology |n http://www.sciencedirect.com | ||
| 040 | |a OPELS |c OPELS |d UtOrBLW | ||
| 049 | |a TEFA | ||
| 050 | 1 | 4 | |a QD75.4.U48 |b L87 2007eb |
| 070 | 1 | |a QD71 |b .T43 v. 26 | |
| 082 | 0 | 4 | |a 543 |2 22 |
| 100 | 1 | |a Luque de Castro, M. D. | |
| 245 | 1 | 0 | |a Analytical applications of ultrasound / |c M.D. Luque de Castro and F. Priego Capote. |
| 250 | |a 1st ed. | ||
| 264 | 1 | |a Amsterdam ; |a Boston : |b Elsevier, |c 2007. | |
| 300 | |a xiv, 398 pages : |b illustrations ; |c 25 cm. | ||
| 336 | |a text |b txt |2 rdacontent | ||
| 337 | |a computer |b c |2 rdamedia | ||
| 338 | |a online resource |b cr |2 rdacarrier | ||
| 490 | 1 | |a Techniques and instrumentation in analytical chemistry, |x 0167-9244 ; |v v. 26 | |
| 533 | |a Electronic reproduction. |b Amsterdam : |c Elsevier Science & Technology, |d 2007. |n Mode of access: World Wide Web. |n System requirements: Web browser. |n Title from title screen (viewed on Aug. 2, 2007). |n Access may be restricted to users at subscribing institutions. | ||
| 520 | |a Ultrasound is an energy source that has the potential for enhancing many stages of experimental analysis, but analytical chemists generally have limited knowledge of this technique. Analytical Applications of Ultrasound lays the foundations for practicing analytical chemists to consider ways of exploiting ultrasound energy in their research. This timely and unique book covers a broad range of information about ultrasound, providing advances in ultrasound equipment and demonstrations of how this energy has been used to enhance various steps of analysis. Given the limited literature on analytical applications of ultrasound, the authors provide information from other sources that suggest ways in which we can use it in the analytical laboratory. The authors discuss the principles of ultrasound and the variables we must consider in adapting ultrasound to different problems. * Presents an up-to-date, balanced description of the potential of Ultrasound within Analytical Chemistry * Discusses ultrasound-based detection techniques in a systematic manner * Provides an overview of potential applications of ultrasound in a variety of different fields. | ||
| 505 | 0 | |a PART I: ULTRASOUND AND SAMPLE PREPARATION -- Chapter 1. Introduction: fundamentals of ultrasound and basis of its analytical uses -- -- Chapter 2. Generalities on ultrasound-assisted sample preparation -- -- Chapter 3. Ultrasound-assisted sample digestion -- -- Chapter 4. Ultrasound-assisted leaching -- -- Chapter 5. Ultrasound assistance to heterogeneous samples -- -- Chapter 6. Ultrasound assistance to analytical heterogeneous liquidliquid systems -- -- Chapter 7. Ultrasound-assisted chemical reactions <P> -- PART II. ULTRASOUND AND DETECTION -- Chapter 8. Ultrasound assistance for improving detection techniques -- Chapter 9. Ultrasound-based detection techniques -- Chapter 10. Applications of ultrasound-based detection techniques. | |
| 504 | |a Includes bibliographical references and index. | ||
| 500 | |a Electronic resource. | ||
| 650 | 0 | |a Ultrasonic waves. | |
| 650 | 0 | |a Analytical chemistry. | |
| 655 | 7 | |a Electronic books. |2 local | |
| 700 | 1 | |a Priego Capote, F. | |
| 776 | 1 | |c Original |z 0444528253 |z 9780444528254 |w (DLC) 2006050378 |w (OCoLC)70399518 | |
| 710 | 2 | |a ScienceDirect (Online service) | |
| 830 | 0 | |a Techniques and instrumentation in analytical chemistry. |x 0167-9244 ; |v v. 26. | |
| 856 | 4 | 0 | |u http://proxy.library.tamu.edu/login?url=http://www.sciencedirect.com/science/publication?issn=01679244&volume=26 |z Connect to the full text of this electronic book |t 0 |
| 856 | 4 | 2 | |3 Publisher description |u http://www.loc.gov/catdir/enhancements/fy0664/2006050378-d.html |t 0 |
| 994 | |a C0 |b TEF | ||
| 999 | |a MARS | ||
| 999 | f | f | |s 3812fa3d-4b7d-31d9-8619-6d0372510162 |i f5ac6535-2b45-3acb-b8db-288261b668aa |t 0 |
| 952 | f | f | |a Texas A&M University |b College Station |c Electronic Resources |d Available Online |t 0 |e QD75.4.U48 L87 2007eb |h Library of Congress classification |
| 998 | f | f | |a QD75.4.U48 L87 2007eb |t 0 |l Available Online |